000
00286nam a22001337a 4500
008
210607b ||||| |||| 00| 0 eng d
041
_a
eng
080
_2
2nd
_a
510
082
_a
510
100
_a
38
101
_a
MAT
245
_a
Introductory Algebra
_c
J. P. Wood
942
_2
udc
_c
BK
999
_c
58006
_d
58006